Ανάπτυξη κοινής μεθόδου προσδιορισμού του υδρίτη της χλωράλης και της 1,3-δίχλωρο-2- προπανόλης στο πόσιμο νερό με τη συνδυασμένη τεχνική της αέριας χρωματογραφίας-φασματομετρίας μαζών

Αποθηκεύτηκε σε:
Λεπτομέρειες βιβλιογραφικής εγγραφής
Κύριος συγγραφέας: Καλοπέτρη, Μαρία
Συγγραφή απο Οργανισμό/Αρχή: Πανεπιστήμιο Αιγαίου Σχολή Περιβάλλοντος Τμήμα Περιβάλλοντος Πρόγραμμα Μεταπτυχιακών Σπουδών Περιβαλλοντική Πολιτική και Διαχείριση
Άλλοι συγγραφείς: Καλαντζή, Όλγα-Ιωάννα (Εισηγητής διατριβής)
Μορφή: Thesis Βιβλίο
Γλώσσα:Greek
Δημοσίευση: 2009
Θέματα:
Διαθέσιμο Online:http://hdl.handle.net/11610/15025
Ετικέτες: Προσθήκη ετικέτας
Δεν υπάρχουν, Καταχωρήστε ετικέτα πρώτοι!

MARC

LEADER 00000cam a2200000 i 4500
001 1/1828
008 091001s2009 gre d
035 |l 10105749 
040 |a GR-MY-UA  |b gre  |e aacr 
041 0 |a gre 
082 0 |a 628.16  |2 (22) 
100 1 |a Καλοπέτρη, Μαρία. 
245 1 0 |a Ανάπτυξη κοινής μεθόδου προσδιορισμού του υδρίτη της χλωράλης και της 1,3-δίχλωρο-2- προπανόλης στο πόσιμο νερό με τη συνδυασμένη τεχνική της αέριας χρωματογραφίας-φασματομετρίας μαζών /  |c Καλοπέτρη Μαρία ; επιβλέπουσα καθηγήτρια: Καλαντζή Όλγα-Ιωάννα 
260 |c 2009 
300 |a 93 σ.;  |b πιν., σχ.;  |c 30 εκ. 
500 |a Βιβλιογραφία: σ. 80-85 
502 |a Διατριβή (μεταπτυχιακή) – Πανεπιστήμιο Αιγαίου, Λέσβος, 2009. 
650 0 0 |a Drinking water  |x Analysis. 
650 0 0 |a Drinking water  |x Purification. 
650 0 0 |a Water  |x Purification  |x Chlorination. 
650 0 0 |a Water  |x Purification  |x Organic compounds removal. 
650 0 0 |a Dissertations, Academic  |z Greece. 
700 1 |4 ths  |a Καλαντζή, Όλγα-Ιωάννα. 
710 2 |a Πανεπιστήμιο Αιγαίου  |b Σχολή Περιβάλλοντος  |b Τμήμα Περιβάλλοντος  |b Πρόγραμμα Μεταπτυχιακών Σπουδών Περιβαλλοντική Πολιτική και Διαχείριση. 
852 |a INST  |b LESVOS  |c DIATR  |e 20091001  |h 585  |p 005100046371  |q 005100046371  |t MTXE  |y 23 
852 |a INST  |b LESVOS  |c DIATR  |e 20091001  |h 586  |p 005100046372  |q 005100046372  |t MTXE  |y 23 
856 |u http://hdl.handle.net/11610/15025 
901 |a BIBL1-2009-3 
909 |a Λ  |b 159428 
909 |a Λ  |b 159429 
924 |a ΚΑΛΟΠΕΤΡΗ  |b ΜΑΡΙΑ  |y ΛΕΣΒΟΣ  |z 2009-05 
970 |a ΤΖΑΦΕΡΗ  |b ΕΥΑΓΓΕΛΙΑ  |z 2009/10/01